Metodología de la investigación/ (Registro nro. 9980)
[ vista simple ]
| 000 -LEADER | |
|---|---|
| fixed length control field | 00709nam a2200181Ia 4500 |
| 005 - FECHA Y HORA DE LA ÚLTIMA TRANSACCIÓN | |
| control field | 20231122150158.0 |
| 008 - FIXED-LENGTH DATA ELEMENTS--GENERAL INFORMATION | |
| fixed length control field | 231115s9999 xx 000 0 und d |
| 040 ## - CATALOGING SOURCE | |
| Original cataloging agency | UPAN |
| Transcribing agency | Biblioteca San Vicente |
| Description conventions | RCAA2 |
| 041 ## - LANGUAGE CODE | |
| Language code of text/sound track or separate title | spa |
| 082 ## - DEWEY DECIMAL CLASSIFICATION NUMBER | |
| Classification number | 001.42 |
| Item number | C334m |
| año de publicación | 2005 |
| 100 ## - MAIN ENTRY--PERSONAL NAME | |
| Personal name | Cabezas, Horacio |
| Relator code | aut. |
| 245 #0 - TITLE STATEMENT | |
| Title | Metodología de la investigación/ |
| Statement of responsibility, etc | Horacio Cabezas |
| 260 ## - PUBLICATION, DISTRIBUTION, ETC. (IMPRINT) | |
| Place of publication, distribution, etc | Guatemala: |
| Name of publisher, distributor, etc | Piedra santa, |
| Date of publication, distribution, etc | 2005 |
| 300 ## - PHYSICAL DESCRIPTION | |
| Extent | 98 p.: |
| Dimensions | 21 cm. |
| 505 ## - FORMATTED CONTENTS NOTE | |
| Formatted contents note | Contenido: 1. Organización de bibliotecas. 2. Selección y acopio de datos. 3. Proyecto de investigación. 4. El Informe de Investigación. Bibliografía. índice analítico |
| 650 ## - SUBJECT ADDED ENTRY--TOPICAL TERM | |
| Source of heading or term | LEMB |
| Topical term or geographic name as entry element | Investigación científica. |
| Form subdivision | Guia |
| 9 (RLIN) | 3 |
| 942 ## - ADDED ENTRY ELEMENTS (KOHA) | |
| Koha item type | Libros |
| Source of classification or shelving scheme | Dewey Decimal Classification |
| Withdrawn status | Lost status | Source of classification or shelving scheme | Damaged status | Not for loan | Collection code | Home library | Current library | Date acquired | Total Checkouts | Full call number | Barcode | Date last seen | Copy number | Price effective from | Koha item type |
|---|---|---|---|---|---|---|---|---|---|---|---|---|---|---|---|
| Dewey Decimal Classification | Referencia | Biblioteca UPAN San Vicente | Biblioteca UPAN San Vicente | 16/11/2023 | 001.42 C334m | 12001938 | 16/11/2023 | 01 | 16/11/2023 | Libros | |||||
| Dewey Decimal Classification | Referencia | Biblioteca UPAN San Vicente | Biblioteca UPAN San Vicente | 22/11/2023 | 001.42 C334m | 12001939 | 22/11/2023 | 02 | 22/11/2023 | Libros | |||||
| Dewey Decimal Classification | Referencia | Biblioteca UPAN San Vicente | Biblioteca UPAN San Vicente | 22/11/2023 | 001.42 C334m | 12001940 | 22/11/2023 | 03 | 22/11/2023 | Libros |